01359nam a2200313 a 450000100060000000300090000600500170001500800410003203500180007304000330009104100080012408200280013210000410016024501600020126000430036130000260040450000900043050400300052065000370055065000590058765100550064670000360070170000340073770000810077183000290085294200120088199900170089395201350091040836BD-RJUL 20211209053302.0160510s1954 enk b 000 0 eng  aBD-RJUL 40951 aDLCcITDdm.cdBD-RJUL beng aeng 223 a320.01 bDAM 1954 0 aDante Alighieri,d1265-1321.912565810aMonarchy and Three political letters /cwith an introduction by Donald Nicholl ... and a note on the chronology of Dante's political works by Colin Hardie aLondon :bWeidenfeld & Nicolson,c1954 axxi, 121 p. ;c19 cm. aMonarchy, translated by D. Nicholl ; Three political letters, translated by C. Hardie aBibliography: p. [xx]-xxi 0aChurch and statezItaly.9125659 0aPolitical sciencezItalyvEarly works to 1800.9125660 0aItalyxPolitics and governmenty1268-1559.91256611 aNicholl, Donald,d1923-91256621 aHardie, Colin,d1906-91256630 aDante Alighieri,d1265-1321.tCorrespondence.kSelections.lEnglish.9125664 0aLibrary of ideas9125762 2ddccBK c40836d40836 00102ddc40718NFICaRUCLbRUCLcReadingd1965-12-11eZeit g4.00l0o320.01 DAM 1954r2016-05-10 00:00:00tC-1w2016-05-10yBK